Villes des Aventuriers du Rail - Europe 🇪🇺 - Statistiques

Statistiques générales
  • Ce quiz a été pris 22 fois
  • Le résultat moyen est 31 sur 46
Statistiques - réponses
Pays Ville % Correct
Belgique Bruxelles
95%
Autriche-Hongrie Wien
95%
Danemark København
90%
France Paris
90%
Pays-Bas Amsterdam
85%
Empire allemand Berlin
85%
Autriche-Hongrie Budapest
85%
Portugal Lisboa
85%
Royaume-Uni London
85%
France Marseille
85%
Empire russe Moskva
85%
Empire russe Petrograd
85%
Italie Roma
85%
Suède Stockholm
85%
Croatie Zagreb
85%
Grèce Athina
80%
Roumanie Bucuresti
80%
Empire ottoman Constantinople
80%
Espagne Madrid
80%
Empire allemand München
80%
Bulgarie Sofia
80%
Suisse Zürich
80%
France Brest
75%
Bosnie-Herzégovine Sarajevo
75%
Royaume-Uni Edinburgh
70%
Empire russe Kyïv
70%
Italie Palermo
70%
Italie Venezia
70%
Empire ottoman Angora
60%
Empire allemand Frankfurt
60%
Empire russe Riga
55%
Empire russe Warszawa
55%
Empire allemand Dantzig
50%
France Dieppe
50%
Empire russe Rostov
50%
Italie Brindisi
45%
Espagne Cádiz
45%
Empire ottoman Smyrna
45%
Empire ottoman Erzurum
40%
Empire allemand Essen
40%
Empire russe Sevastopol
40%
Empire russe Kharkov
35%
Espagne Pamplona
30%
Empire russe Wilno
30%
Empire russe Smolensk
20%
Empire russe Sochi
20%
Aucun quiz correspondant
Distribution des résultats
% des personnes avec chaque résultat
Percentile par nombre de réponses
Votre historique - résultats
Vous n’avez pas pris ce quiz